000 01450nam a2200241 4500
005 20160927093717.0
008 160927s2014 ck j|||fr|||| 001 0cspa d
040 _aCO-BoUCM
_bspa
_cSandra Yazo
_dSandra Yazo
041 0 _aspa
082 0 4 _220
_a929.2
092 _aE63N074
100 1 _aUmaña Blanche, Mauricio
_980552
245 1 3 _aLa historia de una familia
_bLos descencientes de la línea de Juan de Umaña desde 1691
_cMauricio Umaña Blanche ; Luis Fernando Osorio Umaña
260 _aBogotá (Colombia)
_bMaremágnum
_c2014
300 _axxviii, 394 páginas
_c24 x 16 cm
500 _aDetalles físicos: Encuadernación flexible en cartulina, patas con detalles decorados. Portada impresa en una sola tinta. Tabla genealógica al inicio del texto y cuadros entre el texto. Algunas notas al pie de página. Ejemplar en buen estado de conservación
505 0 _aNota del editor ; Agradecimientos ; Abreviaturas ; Cuadro genealógicos ; El apellido Umaña ; Antecedentes en los siglos XVII y XVIII: Umaña Cárdenas y Umaña Gutiérrez ; Los Umaña Sanabria ; Breve historia de las familias Barragán y Manzaneque ; Los Umaña Barragan ; Bibliografía y Fuentes ; Índice general de nombres ; Algunos temas destacados
506 _aConsulta en sala
650 7 _957530
_aGenealogías
_zTunja (Colombia)
690 _aBiografías
_97343
700 1 _aOsorio Umaña, Luis Fernando
_980553
942 _2LOCAL
_cLIBRO
_e1
_hE63N074
999 _c304777
_d304777